Poland Immigration by Country - Statistics

General Stats
  • This quiz has been taken 93 times
  • The average score is 14 of 20
Answer Stats
# Country % Correct
16,352 Germany
98%
19,089 Russia
97%
508,257 Ukraine
95%
116,789 Belarus
92%
8,052 Italy
90%
4,821 France
89%
5,106 Spain
87%
5,171 Romania
80%
5,983 China
77%
19,628 India
76%
10,410 Turkey
76%
8,444 Moldova
70%
4,899 Bulgaria
66%
10,908 Vietnam
66%
26,676 Georgia
54%
4,362 Armenia
52%
4,507 Azerbaijan
46%
5,163 Philippines
44%
3,721 Bangladesh
43%
8,619 Uzbekistan
32%
No matching quizzes found
Score Distribution
Percent of People with Each Score
Percentile by Number Answered
Your Score History
You have not taken this quiz